| Tag |
First Indicator |
Second Indicator |
Subfields |
| LEADER |
00000cam a2200000 a 4500 |
| 001 |
in00000088700 |
| 005 |
20151008065217.0 |
| 008 |
811212c19811979enkbf 00110aeng |
| 010 |
|
|
|a 81197400
|
| 015 |
|
|
|a GB***
|
| 020 |
|
|
|a 0856133426 :
|c 6.95
|
| 035 |
|
|
|a (OCoLC)08111475
|
| 035 |
|
|
|9 AAK5548AM
|
| 039 |
0 |
|
|a 2
|b 3
|c 3
|d 3
|e 3
|
| 040 |
|
|
|a DLC
|c DLC
|d TXA
|d UtOrBLW
|
| 041 |
1 |
|
|a eng
|a ger
|
| 043 |
|
|
|a ai-----
|
| 049 |
|
|
|a TXAM
|c [933404]
|
| 050 |
0 |
0 |
|a DS535
|b .S3613 1981
|
| 082 |
0 |
|
|a 959.704
|2 19
|
| 100 |
1 |
|
|a Scholl-Latour, Peter.
|
| 240 |
1 |
0 |
|a Tod im Reisfeld.
|l English
|
| 245 |
1 |
0 |
|a Death in the ricefields :
|b thirty years of war in Indochina /
|c Peter Scholl-Latour ; translated by Faye Carney.
|
| 264 |
|
1 |
|a London :
|b Orbis,
|c 1981
|
| 264 |
|
4 |
|c ©1979
|
| 300 |
|
|
|a 383 pages, 1 unnumbered folded leaf of plates :
|b map ;
|c 22 cm.
|
| 336 |
|
|
|a text
|b txt
|2 rdacontent
|
| 337 |
|
|
|a unmediated
|b n
|2 rdamedia
|
| 338 |
|
|
|a volume
|b nc
|2 rdacarrier
|
| 500 |
|
|
|a Translation of: Der Tod im Reisfeld.
|
| 500 |
|
|
|a Includes index.
|
| 600 |
1 |
0 |
|a Scholl-Latour, Peter.
|
| 651 |
|
0 |
|a Indochina
|x Description and travel.
|
| 651 |
|
0 |
|a Indochina
|x History
|y 1945-
|
| 999 |
|
|
|a MARS
|
| 999 |
f |
f |
|s 62ad8046-a723-3fcc-9135-4e402aecb284
|i 007c7754-54a3-3856-8537-504726c218a9
|t 0
|
| 952 |
f |
f |
|p ric
|a Texas A&M University
|b Rellis Campus
|c Joint Library Facility
|d Remote Storage
|t 0
|e DS535 .S3613 1981
|h Library of Congress classification
|i unmediated -- volume
|m A14806101681
|
| 998 |
f |
f |
|a DS535 .S3613 1981
|t 0
|l Remote Storage
|